Espiritualidad del libro de los Hechos de los Apóstoles /

I tiakina i:
Ngā taipitopito rārangi puna kōrero
Kaituhi matua: Maccise, Camilo (autor)
Hōputu: Pukapuka
Reo:Pāniora
I whakaputaina: México : Centro de Reflexión Teológica, 1991, c1991
Rangatū:(Biblia y Pueblo ; 8)
Ngā marau:
Ngā Tūtohu: Tāpirihia he Tūtohu
Kāore He Tūtohu, Me noho koe te mea tuatahi ki te tūtohu i tēnei pūkete!

MARC

LEADER 00000nam^a2200000^a^4500
001 000270457
005 20250521000000.0
009 20260310110957.809
025 |a Donación Jesús Vergara Aceves, 1 ejemplar 
037 |a Acervo Xavier Clavigero 
041 |a ESP 
082 |a 226. 606  |b MAC 
100 |a Maccise, Camilo  |e (autor) 
245 1 0 |a Espiritualidad del libro de los Hechos de los Apóstoles /  |c C. Maccise. 
264 4 |a México :  |b Centro de Reflexión Teológica,  |c 1991, c1991 
300 |a 61 p. 
336 |a texto  |b txt  |2 rdacontenido 
337 |a sin mediación  |b n  |2 rdamedio 
338 |a volumen  |b nc  |2 rdasoporte 
440 1 |a (Biblia y Pueblo ;  |v 8) 
649 |a XX 
650 |a Espiritualidad 
650 |a Biblia -  |x Nuevo Testamento -  |x Hechos de los Apóstoles -  |x Historia y Crítica -  |x Tema Principal 
650 |a Libros Sagrados -  |x Historia y Crítica 
650 |a Cristianismo 
650 |a Religión 
910 |a Fondo Jesús Vergara Aceves S.J. 
920 |a Impresos - Libros 
930 |a Fondos Especiales 
905 |a 119 
901 |a 0500155418  |b IT2  |c ESP  |i D  |u 20250521 
901 |a 040602  |b IT2  |c ESP  |i D  |u 20250521 
901 |a 038680  |b IT2  |c ESP  |i D  |u 20250521 
902 |a https://opac.biblio.iteso.mx/vufind/Record/000270457